Event Only Pokémon - Statistics

General Stats
  • This quiz has been taken 508 times
  • The average score is 10 of 15
Answer Stats
National Dex Number Pokémon % Correct
151 Mew
99%
251 Celebi
92%
385 Jirachi
84%
386 Deoxys
80%
493 Arceus
74%
491 Darkrai
73%
492 Shaymin
68%
494 Victini
67%
490 Manaphy
58%
649 Genesect
57%
648 Meloetta
53%
719 Diancie
49%
720 or 721 Hoopa
48%
647 Keldeo
48%
720 or 721 Volcanion
47%
No matching quizzes found
Score Distribution
Percent of People with Each Score
Percentile by Number Answered
Your Score History
You have not taken this quiz